| 000 | 00845cas a2200217 a 4500 | ||
|---|---|---|---|
| 022 | _a2005-0399 | ||
| 040 | _cNLM | ||
| 082 | _a387 KOR 2008 A017 Or. | ||
| 245 | 0 | 0 | _aJournal of gynecologic oncology |
| 246 | 1 | 3 | _aJGO |
| 260 |
_aSeoul : _bKorean Society of Gynecologic Oncology and Colposcopy, _cJune 2008- |
||
| 260 | 2 |
_aSeoul : _bAsian Society of Gynecologic Oncology : _bTaehan Puin Chongyang Kolpos¿Ưkopi Hakhoe |
|
| 260 | 3 |
_aSeoul : _bAsian Society of Gynecologic Oncology : _bTaehan Puin Chongyang Hakhoe |
|
| 650 | 0 | _aGenerative organs, Female | |
| 650 | 1 | 2 | _aGenital Neoplasms, Female |
| 710 | 2 | _aTaehan Puin Chongyang Kolpos¿Ưkopi Hakhoe | |
| 710 | 2 | _aKorean Society of Gynecologic Oncology | |
| 710 | 2 | _aAsian Society of Gynecologic Oncology | |
| 710 | 2 | _aNational Institutes of Health (U.S.). PubMed Central | |
| 942 | _cEK | ||
| 999 |
_c12072 _d12072 |
||